| 000 | 00721nam a2200265Ia 4500 | ||
|---|---|---|---|
| 001 | Para_4751 | ||
| 003 | CHAP | ||
| 008 | 220125s1910 xx 000 0 und d | ||
| 010 | _a203225 | ||
| 040 | _cCHAP | ||
| 090 | _aPA FOLLETO 2153 | ||
| 100 |
_aGarcía, Fabián _946776 |
||
| 245 |
_aApple culture under irrigation / _c Fabiàn García |
||
| 260 |
_aSanta Fé : _b New México College |
||
| 300 | _a44 p. | ||
| 440 |
_aNew México Agr. Exp. Sta. Bull.; 75 _9168899 |
||
| 650 |
_aManzana _x Irrigación _970781 |
||
| 901 | _aPA FOLLETO 2153 | ||
| 902 | _aA | ||
| 905 | _a0000001910 SAN 0000000000 00 | ||
| 910 | _a1910 | ||
| 942 | _cPARA | ||
| 942 |
_cPARA _d1 |
||
| 999 |
_c203225 _d203225 |
||